Statistiken für Hauptstädte der Welt

Klicken Sie hier um das Quiz zu spielen!

Allgemein

  • Dieses Quiz wurde 132 mal gespielt
  • Das Durchschnittsergebnis liegt bei 96 aus 196

Antworten auf der Karte

Die Antworten werden auf der Karte rot bzw. grün angezeigt, abhängig davon wie oft sie richtig erraten wurden.
 

Antwortstatistiken

LandHauptstadt% Korrekt
Vereinigte StaatenWashington, D.C.
92%
MexikoMexiko-Stadt
90%
DeutschlandBerlin
87%
KanadaOttawa
87%
IrlandDublin
86%
PortugalLissabon
86%
Vereinigtes KönigreichLondon
86%
SpanienMadrid
86%
FrankreichParis
85%
SchweizBern
84%
BrasilienBrasilia
84%
RusslandMoskau
84%
JapanTokio
84%
NiederlandeAmsterdam
82%
GriechenlandAthen
82%
NorwegenOslo
82%
SchwedenStockholm
82%
ÖsterreichWien
82%
BelgienBrüssel
81%
ÄgyptenKairo
81%
UkraineKiew
81%
ItalienRom
81%
VatikanstadtVatikanstadt
81%
PolenWarschau
81%
UngarnBudapest
80%
DänemarkKopenhagen
80%
LuxemburgLuxemburg
80%
ChinaPeking
80%
TschechienPrag
80%
TürkeiAnkara
79%
FinnlandHelsinki
79%
MonacoMonaco
79%
San MarinoSan Marino
77%
KroatienZagreb
76%
RumänienBukarest
75%
SüdkoreaSeoul
75%
AustralienCanberra
73%
IslandReykjavík
73%
BulgarienSofia
73%
IsraelJerusalem
72%
ArgentinienBuenos Aires
71%
PanamaPanama-Stadt
71%
LettlandRiga
71%
KolumbienBogotá
70%
BelarusMinsk
70%
PeruLima
69%
KubaHavanna
68%
EstlandTallin
68%
Bosnien und HerzegowinaSarajevo
67%
TunesienTunis
67%
LiechtensteinVaduz
67%
UruguayMontevideo
66%
SingapurSingapur
66%
SerbienBelgrad
65%
SlowakeiBratislava
64%
SlowenienLjubljana
64%
IranTeheran
64%
AlbanienTirana
64%
LitauenVilnius
64%
AlgerienAlgier
63%
AndorraAndorra la Vella
63%
ThailandBangkok
62%
MaltaValletta
62%
NeuseelandWellington
62%
IndonesienJakarta
61%
SyrienDamaskus
60%
NordkoreaPjöngjang
60%
El SalvadorSan Salvador
60%
ChileSantiago de Chile
60%
IrakBagdad
59%
AserbaidschanBaku
59%
Vereinigte Arabische EmirateAbu Dhabi
58%
JamaikaKingston
58%
St. Vincent und die GrenadinenKingstown
58%
MarokkoRabat
58%
TaiwanTaipeh
58%
VenezuelaCaracas
57%
AfghanistanKabul
57%
Costa RicaSan Jose
57%
NordmazedonienSkopje
57%
ZypernNikosia
56%
KasachstanNur-Sultan
56%
MongoleiUlaanbaatar
56%
LibanonBeirut
55%
KatarDoha
55%
VietnamHanoi
55%
EcuadorQuito
55%
GuatemalaGuatemala-Stadt
54%
Saudi-ArabienRiad
54%
KuwaitKuwait
53%
PhilippinenManila
53%
SüdafrikaPretoria
53%
KosovoPristina
53%
GeorgienTiflis
53%
MoldawienChisinau
52%
KeniaNairobi
51%
MontenegroPodgorica
51%
SenegalDakar
49%
PakistanIslamabad
49%
BangladeschDhaka
47%
MalaysiaKuala Lumpur
47%
BahamasNassau
47%
ÄthiopienAddis Abeba
46%
JordanienAmman
46%
LibyenTripolis
46%
NamibiaWindhoek
46%
ParaguayAsunción
45%
ArmenienJerewan
45%
NepalKathmandu
44%
MaledivenMalé
44%
JemenSanaa
42%
DschibutiDschibuti
41%
Sierra LeoneFreetown
41%
SomaliaMogadischu
41%
IndienNeu-Dehli
41%
Dominikanische RepublikSanto Domingo
41%
AngolaLuanda
40%
HaitiPort-au-Prince
40%
GhanaAccra
39%
OmanMaskat
39%
KambodschaPhnom Penh
39%
UsbekistanTaschkent
39%
Demokratische Republik KongoKinshasa
38%
BolivienSucre
38%
MadagaskarAntananarivo
37%
NicaraguaManagua
37%
BelizeBelmopan
36%
KirgisistanBischkek
36%
OsttimorDili
36%
BahrainManama
36%
São Tomé und PríncipeSão Tomé
36%
Republik KongoBrazzaville
34%
HondurasTegucigalpa
33%
SudanKhartum
32%
NigeriaAbuja
31%
Guinea-BissauBissau
31%
SambiaLusaka
31%
MauritiusPort Louis
31%
Papua-NeuguineaPort Moresby
31%
Trinidad und TobagoPort of Spain
31%
LaosVientiane
31%
Antigua und BarbudaSaint John's
30%
SimbabweHarare
29%
RuandaKigali
29%
SurinameParamaribo
29%
BruneiBandar Seri Begawan
28%
BarbadosBridgetown
28%
TadschikistanDuschanbe
28%
UgandaKampala
28%
MalawiLilongwe
28%
SeychellenVictoria
28%
EritreaAsmara
27%
GambiaBanjul
27%
TansaniaDodoma
27%
TogoLomé
27%
LesothoMaseru
27%
ElfenbeinküsteYamoussoukro
27%
MaliBamako
26%
SüdsudanJuba
26%
Burkina FasoOuagadougou
26%
GrenadaSt. George's
26%
BhutanThimphu
26%
Zentralafrikanische RepublikBangui
25%
GabunLibreville
25%
MosambikMaputo
25%
Kap VerdePraia
25%
BotswanaGaborone
24%
LiberiaMonrovia
24%
NigerNiamey
23%
MauretanienNouakchott
23%
BeninPorto-Novo
23%
FidschiSuva
23%
St. Kitts und NevisBasseterre
22%
GuineaConakry
22%
EswatiniMbabane
22%
TschadN'Djamena
22%
VanuatuPort Vila
22%
DominicaRoseau
22%
SamoaApia
21%
MyanmarNaypyidaw
21%
TuvaluFunafuti
20%
KamerunYaoundé
20%
BurundiGitega
19%
Äquatorial-GuineaMalabo
19%
St. LuciaCastries
18%
SalomonenHoniara
18%
KomorenMoroni
16%
TongaNuku'alofa
16%
KiribatiSouth Tarawa
15%
MarshallinselnMajuro
14%
PalauNgerulmud
14%
NauruYaren
14%
MikronesienPalikir
12%
Sri LankaSri Jayewardenepura
5%
TurkmenistanAschgabad
3%
GuyanaGeorgetwon
0%

Verteilung der Resultate

Perzentil nach korrekt beantworteten Fragen

Anzahl Personen mit jedem Resultat

Ihre Resultats-Entwicklung

Sie haben dieses Quiz noch nicht gespielt